|
|
|
|
| LEADER |
00000nam0a2200000 4500 |
| 001 |
64011 |
| 005 |
20231101212113.0 |
| 010 |
|
|
|a 985475135X
|
| 035 |
|
|
|a (RuTPU)RU\TPU\book\67919
|
| 090 |
|
|
|a 64011
|
| 100 |
|
|
|a 20040524d2005 m y0rusy50 ca
|
| 101 |
0 |
|
|a rus
|
| 102 |
|
|
|a BY
|
| 105 |
|
|
|a a j 001zy
|
| 200 |
1 |
|
|a Планирование на предприятии
|e учебное пособие для вузов
|f А. И. Ильин
|
| 205 |
|
|
|a 6-е изд., перераб. и доп.
|
| 210 |
|
|
|a Минск
|c Новое знание
|d 2005
|
| 215 |
|
|
|a 655 с.
|c ил.
|
| 225 |
1 |
|
|a Экономическое образование
|
| 320 |
|
|
|a Библиогр.: с. 650- 651.
|
| 330 |
|
|
|a Популярное учебное пособие выдержало с 2000 г. пять изданий. Показана роль планирования в механизме управления предприятием, доступно изложены практические вопросы организации внутрифирменного стратегического и тактического планирования. Описана методология планирования инновационной и инвестиционной деятельности, риска, продаж, издержек, финансов и т.д. Для студентов, преподавателей и специалистов предприятий разных форм собственности.
|
| 451 |
|
1 |
|0 (RuTPU)RU\TPU\book\66459
|y 985-475-068-X
|t Планирование на предприятии
|o учебник
|f А. И. Ильин
|e 5-е изд., стер.
|c Минск
|n Новое знание
|d 2004
|p 634 с.
|a Ильин, Анатолий Игнатьевич
|
| 451 |
|
1 |
|0 (RuTPU)RU\TPU\book\111808
|y 985-475-217-8
|t Планирование на предприятии
|o учебное пособие для вузов
|f А. И. Ильин
|e 7-е изд., испр. и доп.
|c Минск
|n Новое знание
|d 2006
|p 668 с.
|s Экономическое образование
|a Ильин, Анатолий Игнатьевич
|
| 606 |
1 |
|
|a Предприятия
|x Планирование
|2 stltpush
|3 (RuTPU)RU\TPU\subj\36683
|9 57976
|
| 610 |
1 |
|
|a экономика
|
| 610 |
1 |
|
|a предприятия
|
| 610 |
1 |
|
|a планирование
|
| 610 |
1 |
|
|a планы
|
| 610 |
1 |
|
|a плановые решения
|
| 610 |
1 |
|
|a стратегическое планирование
|
| 610 |
1 |
|
|a инновационная деятельность
|
| 610 |
1 |
|
|a инвестиционная деятельность
|
| 610 |
1 |
|
|a хозяйственные риски
|
| 610 |
1 |
|
|a тактическое планирование
|
| 610 |
1 |
|
|a продажи
|
| 610 |
1 |
|
|a производственная программа
|
| 610 |
1 |
|
|a оплата труда
|
| 610 |
1 |
|
|a материально-технические ресурсы
|
| 610 |
1 |
|
|a издержки
|
| 610 |
1 |
|
|a финансовое планирование
|
| 610 |
1 |
|
|a оперативно-календарное планирование
|
| 610 |
1 |
|
|a учебные пособия
|
| 686 |
|
|
|a У9(2)29-23я73
|v LBC/SL-A
|2 rubbk
|
| 700 |
|
1 |
|a Ильин
|b А. И.
|g Анатолий Игнатьевич
|
| 801 |
|
1 |
|a RU
|b 63413507
|c 20040524
|g PSBO
|
| 801 |
|
2 |
|a RU
|b 63413507
|c 20211018
|g PSBO
|
| 900 |
|
|
|a Планирование предприятий
|
| 900 |
|
|
|a Национальная экономика
|
| 900 |
|
|
|a Экономика предприятия
|
| 942 |
|
|
|c BK
|
| 952 |
|
|
|b 080000
|b 080103
|
| 959 |
|
|
|a 119/20051227
|d 1
|e 165
|f НФ:1
|
| 959 |
|
|
|a 18/20060226
|d 3
|e 209,44
|f АНЛ:2
|f ЧЗГЛ:1
|